00748nam a22002417a 45000010005000000030006000050050017000110080041000280200018000690400029000870820011001161000017001272450071001442500045002152600039002603000043002995050008003425200053003505210020004035210022004236500030004457000031004758855FISKH20251023114646.0251023b cb ||||| |||| 00| 0 eng d a9780439792141 aFISKHbengcFISKHdFISKH a001.94 aZullo, Allan aAmerica's most hounted :bTrue scary creatures / cBy Allan Zullo  aFirst Scholastic printing , January 2006 aNew York : bScholastic , c1997.  a95 pages : billustrations ;c19 cm .  aR  aDescribes ten unbelievable creatures in the U.S.8 a760 bLexile 8 aR bRaz-Plus  aParanormalvScary stories aCall , Greg eIllustrator